Formal controls, neighborhood disadvantage, and violent crime in U.S. cities: Examining (un)intended consequences

Saved in:  
Bibliographic Details
Authors: Martin, Allison (Author) ; Steiner, Benjamin (Author) ; Wright, Emily M. (Author)
Format: Electronic Article
Language:English
Published: 2016
In: Journal of criminal justice
Year: 2016, Volume: 44, Pages: 58-65
Online Access: Volltext (lizenzpflichtig)
Check availability: HBZ Gateway

MARC

LEADER 00000caa a22000002c 4500
001 1912561700
003 DE-627
005 20250115054957.0
007 cr uuu---uuuuu
008 241217s2016 xx |||||o 00| ||eng c
024 7 |a 10.1016/j.jcrimjus.2015.12.005  |2 doi 
035 |a (DE-627)1912561700 
035 |a (DE-599)KXP1912561700 
040 |a DE-627  |b ger  |c DE-627  |e rda 
041 |a eng 
084 |a 2,1  |2 ssgn 
100 1 |a Martin, Allison  |e VerfasserIn  |4 aut 
245 1 0 |a Formal controls, neighborhood disadvantage, and violent crime in U.S. cities: Examining (un)intended consequences 
264 1 |c 2016 
336 |a Text  |b txt  |2 rdacontent 
337 |a Computermedien  |b c  |2 rdamedia 
338 |a Online-Ressource  |b cr  |2 rdacarrier 
700 1 |a Steiner, Benjamin  |e VerfasserIn  |4 aut 
700 1 |a Wright, Emily M.  |e VerfasserIn  |0 (DE-588)143934856  |0 (DE-627)704648849  |0 (DE-576)339767898  |4 aut 
773 0 8 |i Enthalten in  |t Journal of criminal justice  |d New York, NY [u.a.] : Pergamon Press, 1973  |g 44(2016), Seite 58-65  |h Online-Ressource  |w (DE-627)320510484  |w (DE-600)2013351-0  |w (DE-576)259484784  |x 0047-2352  |7 nnas 
773 1 8 |g volume:44  |g year:2016  |g pages:58-65 
787 0 8 |i Forschungsdaten  |a Peterson, Ruth D.  |t National Neighborhood Crime Study (NNCS), 2000  |d [Erscheinungsort nicht ermittelbar] : [Verlag nicht ermittelbar], 2010  |w (DE-627)1840053585 
856 4 0 |u https://doi.org/10.1016/j.jcrimjus.2015.12.005  |x Resolving-System  |z lizenzpflichtig  |3 Volltext  |7 1 
935 |a mkri 
951 |a AR 
ELC |a 1 
LOK |0 000 xxxxxcx a22 zn 4500 
LOK |0 001 4637527201 
LOK |0 003 DE-627 
LOK |0 004 1912561700 
LOK |0 005 20241217044508 
LOK |0 008 241217||||||||||||||||ger||||||| 
LOK |0 035   |a (DE-2619)ICPSR124076 
LOK |0 040   |a DE-2619  |c DE-627  |d DE-2619 
LOK |0 092   |o n 
LOK |0 852   |a DE-2619 
LOK |0 852 1  |9 00 
LOK |0 935   |a nacp 
LOK |0 939   |a 17-12-24  |b l01 
ORI |a SA-MARC-krimdoka001.raw